Trh s nehnuteľnosťami v Lotyšsku (2001-2010)
História vývoja trhu. Ceny bytov. Dosah vývoja trhu s nehnuteľnosťami na bývanie na finančnú stabilitu Lotyšska. Vývoj trhu s krátkodobého a dlhodobého hľadiska.
Guardado en:
| Autor principal: | |
|---|---|
| Formato: | Capítulo de libro |
| Lenguaje: | eslovaco |
| Materias: | |
| Etiquetas: |
Sin Etiquetas, Sea el primero en etiquetar este registro!
|
MARC
| LEADER | 00000naa$a2200000$$$4500 | ||
|---|---|---|---|
| 001 | 0115413 | ||
| 005 | 20231116090408.5 | ||
| 041 | 0 | |a slo | |
| 044 | |a SK | ||
| 245 | 1 | 0 | |a Trh s nehnuteľnosťami v Lotyšsku (2001-2010) |c Mikus Áriņš |
| 520 | |a História vývoja trhu. Ceny bytov. Dosah vývoja trhu s nehnuteľnosťami na bývanie na finančnú stabilitu Lotyšska. Vývoj trhu s krátkodobého a dlhodobého hľadiska. | ||
| 610 | 2 | 0 | |a trh hypotekárny |
| 610 | 2 | 0 | |a Lotyšsko |
| 610 | 2 | 0 | |a nehnuteľnosti |
| 610 | 2 | 0 | |a vývoj cenový |
| 610 | 2 | 0 | |a byty |
| 100 | 1 | |a Ãriņš, Mikus | |